Statistiken für Größte Häfen der europäischen Kreuzfahrtindustrie

Klicken Sie hier um das Quiz zu spielen!

Allgemein

  • Dieses Quiz wurde 196 mal gespielt
  • Das Durchschnittsergebnis liegt bei 10 aus 20

Antwortstatistiken

Passagieraufkommen
in 1.000
Hafen% Korrekt
810Hamburg
96%
2.712Barcelona
85%
1.428Venedig
72%
1.487Marseille
70%
2.204Rom / Civitavecchia
66%
621Stockholm
65%
925Genua
59%
849Kopenhagen
59%
927Neapel
58%
1.673Palma de Mallorca
54%
642Rostock / Warnemünde
44%
543Tallinn
40%
573St. Petersburg
38%
559Bergen
34%
779Valletta
32%
749Dubrovnik
31%
2.000Southampton
30%
1.056Piräus
24%
812Las Palmas
12%
854Savona
6%

Verteilung der Resultate

Perzentil nach korrekt beantworteten Fragen

Anzahl Personen mit jedem Resultat

Ihre Resultats-Entwicklung

Sie haben dieses Quiz noch nicht gespielt